000 00662nam a2200229Ia 4500
003 OSt
005 20220926030800.0
006 a|||||r|||| 00| 0
007 ta
008 220923b |||||||| |||| 00| 0 eng d
020 _a978938357257251
037 _cGeneral Book
040 _aRTL
_cRTL
_beng
041 _2eng
_aeng
082 _aXM5:8, Q5
100 _aSHARMA Aparna
_933114
245 0 _aReality bytes-the role of HR in today's world
_b A contemporary ready reckoner
260 _aPune
_bVishwakarma Publication
_c2015
300 _a191p.
_ccm.
942 _hXM5:8, Q5
_cGB
_2CC
999 _c650674
_d650674